Lịch sử phát triển văn hóa văn minh nhân loại Sách tham khảo T,1: Văn minh phương Tây
v.v...
Đã lưu trong:
| Tác giả chính: | |
|---|---|
| Định dạng: | Sách |
| Năm xuất bản: |
H.
Văn hóa thông tin
1998
|
| Chủ đề: | |
| Tags: |
Thêm thẻ
Không có thẻ, Hãy là người đầu tiên gắn thẻ bản ghi này!
|
| LEADER | 00681nam a2200157 4500 | ||
|---|---|---|---|
| 082 | |a 909.09821 |b BR311T | ||
| 100 | |a Brinton, Crane | ||
| 245 | |a Lịch sử phát triển văn hóa văn minh nhân loại |c Crane Brinton, John B. Christopher, Robert Leewolff; Nguyễn Văn Lương dịch |n T,1: |p Văn minh phương Tây |b Sách tham khảo | ||
| 260 | |a H. |b Văn hóa thông tin |c 1998 | ||
| 300 | |a 894 tr. |c 21 cm. | ||
| 520 | |a v.v... | ||
| 653 | |a Lịch sử | ||
| 653 | |a Văn minh phương Tây | ||
| 942 | |2 ddc |c SH | ||
| 999 | |c 8846 |d 8846 | ||
| 952 | |0 0 |1 0 |2 ddc |4 0 |6 909_098210000000000_BR311T |7 0 |8 900 |9 71798 |a qbu |b qbu |c D5 |d 2015-05-01 |g 115000 |o 909.09821 BR311T |p 8570.c1 |r 2015-10-28 |w 2015-05-01 |y SH | ||